| 000 -LEADER |
| fixed length control field |
01053nmm a2200289 a 4500 |
| 001 - CONTROL NUMBER |
| control field |
ocm000965034 |
| 003 - CONTROL NUMBER IDENTIFIER |
| control field |
TR-IsHL |
| 005 - DATE AND TIME OF LATEST TRANSACTION |
| control field |
20201028150849.0 |
| 008 - FIXED-LENGTH DATA ELEMENTS--GENERAL INFORMATION |
| fixed length control field |
150110s2012 tu tur |
| 007 - PHYSICAL DESCRIPTION FIXED FIELD--GENERAL INFORMATION |
| fixed length control field |
cr cn |
| 020 ## - INTERNATIONAL STANDARD BOOK NUMBER |
| International Standard Book Number |
9786055831219 |
| 035 ## - SYSTEM CONTROL NUMBER |
| System control number |
965034 |
| -- |
(N$T) |
| 050 04 - LIBRARY OF CONGRESS CALL NUMBER |
| Classification number |
D568.7 |
| Item number |
.A2719 2012 |
| 090 04 - LOCALLY ASSIGNED LC-TYPE CALL NUMBER (OCLC); LOCAL CALL NUMBER (RLIN) |
| Classification number (OCLC) (R) ; Classification number, CALL (RLIN) (NR) |
D568.7 |
| Local cutter number (OCLC) ; Book number/undivided call number, CALL (RLIN) |
.A2719 2012 |
| 100 1# - MAIN ENTRY--PERSONAL NAME |
| Personal name |
Aaronsohn, Alexander |
| 245 10 - TITLE STATEMENT |
| Title |
Türkler Filistin'e gelirse |
| Medium |
[electronic resource] / |
| Statement of responsibility, etc. |
Alexander Aaronsohn ; Türkçesi Doğa Alp |
| 260 ## - PUBLICATION, DISTRIBUTION, ETC. |
| Place of publication, distribution, etc. |
İstanbul : |
| Name of publisher, distributor, etc. |
Altın Bilek Yayınları, |
| Date of publication, distribution, etc. |
2012 |
| 300 ## - PHYSICAL DESCRIPTION |
| Extent |
93 p. |
| 500 ## - GENERAL NOTE |
| General note |
Özgün eseradı: With the Turks in Palestine |
| International Standard Serial Number (SE) [OBSOLETE] |
Metin Türkçe, İngilizce'den çeviri |
| -- |
|
| 650 #4 - SUBJECT ADDED ENTRY--TOPICAL TERM |
| Topical term or geographic name entry element |
Tarih |
| 650 #4 - SUBJECT ADDED ENTRY--TOPICAL TERM |
| Topical term or geographic name entry element |
History |
| 650 #0 - SUBJECT ADDED ENTRY--TOPICAL TERM |
| Topical term or geographic name entry element |
Dünya Savaşı, 1914-1918 |
| General subdivision |
Kişisel anlatımlar |
| 650 #0 - SUBJECT ADDED ENTRY--TOPICAL TERM |
| Topical term or geographic name entry element |
World War, 1914-1918 |
| General subdivision |
Personal narratives |
| 650 #7 - SUBJECT ADDED ENTRY--TOPICAL TERM |
| Topical term or geographic name entry element |
HISTORY / Middle East / Turkey & Ottoman Empire |
| Source of heading or term |
bisacsh |
| 700 1# - ADDED ENTRY--PERSONAL NAME |
| Personal name |
Alp, Doğa |
| 856 40 - ELECTRONIC LOCATION AND ACCESS |
| Uniform Resource Identifier |
<a href="http://search.ebscohost.com/login.aspx?direct=true&scope=site&db=e011xww&AN=965034">http://search.ebscohost.com/login.aspx?direct=true&scope=site&db=e011xww&AN=965034</a> |